Catálogo

TALLER DE EXPRESION GRAFICA I (Registro nro. 14258)

Detalles MARC
000 -LEADER
fixed length control field 00416nam a2200157 a 4500
001 - CONTROL NUMBER
control field 14258
005 - DATE AND TIME OF LATEST TRANSACTION
control field 20180713202726.0
008 - FIXED-LENGTH DATA ELEMENTS--GENERAL INFORMATION
fixed length control field 140415s1988 000 0 spa d
041 ## - LANGUAGE CODE
Language code of text/sound track or separate title spa
082 ## - DEWEY DECIMAL CLASSIFICATION NUMBER
Classification number 741.2
Item number VIL
100 1# - MAIN ENTRY--PERSONAL NAME
Personal name VILLEGAS MACIEL, CARLOS
245 10 - TITLE STATEMENT
Title TALLER DE EXPRESION GRAFICA I
260 ## - PUBLICATION, DISTRIBUTION, ETC.
Place of publication, distribution, etc. [s.l.] :
Name of publisher, distributor, etc. MC GRAW HILL,
Date of publication, distribution, etc. 1988
300 ## - PHYSICAL DESCRIPTION
Extent 125
650 14 - SUBJECT ADDED ENTRY--TOPICAL TERM
Topical term or geographic name entry element DIBUJO
General subdivision DIBUJO
-- ENSEANZA
Existencias
Withdrawn status Lost status Source of classification or shelving scheme Damaged status Not for loan Collection code Home library Current library Shelving location Date acquired Source of acquisition Inventory number Total Checkouts Full call number Barcode Date last seen Price effective from Koha item type Date last checked out
    Dewey Decimal Classification     General Biblioteca Karol Wojtyla Biblioteca Karol Wojtyla Sala general 03/12/2013 Compra 151000000000000000026992   741.2 VIL 31357 05/01/2026 03/12/2013 Libro  
    Dewey Decimal Classification     General Biblioteca Karol Wojtyla Biblioteca Karol Wojtyla Sala general 03/12/2013 Compra 151000000000000000026990 1 741.2 VIL 31356 05/01/2026 03/12/2013 Libro 02/09/2019